Normal view MARC view

Entry Nombre personal

Number of records used in: 1

001 - NÚMERO DE CONTROL

  • campo de control: 111662

003 - IDENTIFICADOR DE NÚMERO DE CONTROL

  • campo de control: OSt

005 - FECHA Y HORA DE LA ÚLTIMA TRANSACCIÓN

  • campo de control: 20260413114654.0

008 - ELEMENTOS DE DATO DE LONGITUD-FIJA

  • campo de control de longitud fija: 260413|| aca||aabn | a|a d

040 ## - FUENTE DE CATALOGACIÓN

  • Centro catalogador/agencia de origen: M-RABA

100 ## - ENCABEZAMIENTO-NOMBRE DE PERSONA

  • Nombre de persona: Garasa, Mariano
  • Fechas asociadas al nombre: ca. 1890

370 ## - LUGAR ASOCIADO

  • Lugar de residencia/sede: Erla (Huesca)

372 ## - CAMPO DE ACTIVIDAD

  • Campo de actividad: Fotografía

374 ## - OCUPACIÓN

  • Ocupación: Fotógrafo

Powered by Koha